000 00227nam a2200097Ia 4500
005 20251222114408.0
008 251222s1900||||xx |||||||||||||| ||spa||
082 _aDVD0060/P27/1966
245 0 _aPajaritos y Pajarracos
942 _cDVD
999 _c1899
_d1899